000 00742nam a2200289Ia 4500
005 20260324120537.0
008 008 260324s9999 xx 000 0 eng d
020 _a9781315814445
037 _aEBOOK
040 _aCRL
040 _beng
040 _cCRL
041 _2eng
041 _aeng
084 _qCRL
100 _aVincent P. Cogliati-Bantz
_91158992
245 0 _aMeans of Transportation and Registration of Nationality
245 0 _bTransportation Registered by International Organizations
260 _bTaylor and Francis
260 _c2015
365 _a
365 _b255
856 _uhttp://www.taylorfrancis.com/books/9781315814445
942 _cEBOOK
999 _c1750592
_d1750592